00986cam a22003011a 4500001001300000003000400013005001700017008004100034010001700075035002000092040005500112042001200167050001900179070001900198072000900217082000800226100004900234245008600283260005800369300003400427440003800461500001900499500006000518650002500578650001600603700004800619999001700667agr51000337 DLC20260227111015.0870529r1951uuuudcuab f000 0 eng c aagr51000337  a(OCoLC)15745949 aU.S. Dept. of Agr. Libr.cMidMidOCoLCdDNALdDLC apremarc00aTX7b.U6 no. 70 a1bAg84Hg no.70 aF110 a6351 aBoswell, Victor R.q(Victor Rickman),d1900-10aGrowing vegetables in town and city /cby Victor R. Boswell and Robert E. Wester. aWashington, D.C. :bU.S. Dept. of Agriculture,c1951. a39 p. :bill., maps ;c27 cm. 0aHome and garden bulletin ;vno. 7 aCaption title. aPreviously issued as Miscellaneous publication no. 538. 0aVegetable gardening. 0aVegetables.1 aWester, Robert E.q(Robert Emerson),d1905- c11343d11343